Intercultural communication in the global workplace / (Record no. 47959)

MARC details
000 -LEADER
fixed length control field 01298cam a2200337 a 4500
001 - CONTROL NUMBER
control field 12127457
003 - CONTROL NUMBER IDENTIFIER
control field 0
005 - DATE AND TIME OF LATEST TRANSACTION
control field 20170118121651.0
008 - FIXED-LENGTH DATA ELEMENTS--GENERAL INFORMATION
fixed length control field 000802s2001 maua b 001 0 eng
010 ## - LIBRARY OF CONGRESS CONTROL NUMBER
LC control number 00062474
020 ## - INTERNATIONAL STANDARD BOOK NUMBER
International Standard Book Number 0072396903
040 ## - CATALOGING SOURCE
Transcribing agency spu
050 00 - LIBRARY OF CONGRESS CALL NUMBER
Classification number HD30.3
Item number .V37 2001
100 1# - MAIN ENTRY--PERSONAL NAME
Personal name Beamer, Linda.
245 10 - TITLE STATEMENT
Title Intercultural communication in the global workplace /
Statement of responsibility, etc Linda Beamer, Iris Varner.
250 ## - EDITION STATEMENT
Edition statement 2nd ed.
260 ## - PUBLICATION, DISTRIBUTION, ETC. (IMPRINT)
Place of publication, distribution, etc Boston, Mass. :
Name of publisher, distributor, etc McGraw-Hill/Irwin,
Date of publication, distribution, etc 2001.
300 ## - PHYSICAL DESCRIPTION
Extent xxiv, 360 p. :
Other physical details ill. ;
Dimensions 24 cm.
500 ## - GENERAL NOTE
General note Authors' names appear in reverse order on previous ed.
504 ## - BIBLIOGRAPHY, ETC. NOTE
Bibliography, etc Includes bibliographical references and index.
650 #0 - SUBJECT ADDED ENTRY--TOPICAL TERM
Topical term or geographic name as entry element Communication in management
General subdivision Social aspects.
650 #0 - SUBJECT ADDED ENTRY--TOPICAL TERM
Topical term or geographic name as entry element Business communication
General subdivision Social aspects.
650 #0 - SUBJECT ADDED ENTRY--TOPICAL TERM
Topical term or geographic name as entry element International business enterprises
General subdivision Social aspects.
650 #0 - SUBJECT ADDED ENTRY--TOPICAL TERM
Topical term or geographic name as entry element Intercultural communication.
650 #0 - SUBJECT ADDED ENTRY--TOPICAL TERM
Topical term or geographic name as entry element Multiculturalism.
700 1# - ADDED ENTRY--PERSONAL NAME
Personal name Varner, Iris I.
856 42 - ELECTRONIC LOCATION AND ACCESS
Materials specified Publisher description
Uniform Resource Identifier <a href="http://www.loc.gov/catdir/description/mh021/00062474.html">http://www.loc.gov/catdir/description/mh021/00062474.html</a>
856 41 - ELECTRONIC LOCATION AND ACCESS
Materials specified Table of contents only
Uniform Resource Identifier <a href="http://www.loc.gov/catdir/toc/mh021/00062474.html">http://www.loc.gov/catdir/toc/mh021/00062474.html</a>
856 42 - ELECTRONIC LOCATION AND ACCESS
Materials specified Contributor biographical information
Uniform Resource Identifier <a href="http://www.loc.gov/catdir/enhancements/fy0610/00062474-b.html">http://www.loc.gov/catdir/enhancements/fy0610/00062474-b.html</a>
942 ## - ADDED ENTRY ELEMENTS (KOHA)
Source of classification or shelving scheme Library of Congress Classification
Koha item type Book
Holdings
Withdrawn status Lost status Source of classification or shelving scheme Damaged status Not for loan Collection code Home library Current library Shelving location Date acquired Source of acquisition Cost, normal purchase price Total Checkouts Total Renewals Full call number Barcode Date last seen Date checked out Copy number Price effective from Koha item type
    Library of Congress Classification     Non-fiction Nairobi Campus Nairobi Campus General Circulation 18/01/2017 Donation-BFA 500.00 12 1 HD30.3 .V37 2001 049471 21/07/2025 19/06/2025 1 18/01/2017 Book